00445nam a2200157Ia 4500008004100000082001400041100002300055245003500078250000600113260001200119500002400131650001200155942000700167952009600174999001700270230524s9999 xx 000 0 und d a5.13bALL aJames Allen944697 0aNatural Language Understanding a2 bPearson aQuantity Number: 1 aComp.Sc cBK 00104070aTATCLbTATCLcGENd2023-05-24l0o005.13 ALLp58451r2023-05-24w2023-05-24yBK c60165d60165